[Event "Poti Aleksandria Cup-B 8th"]
[Site "Poti"]
[Date "2013.07.14"]
[Round "2"]
[White "Feras, Abu Ibeya"]
[Black "Mejlumyan, Gurgen"]
[Result "1-0"]
[WhiteElo "1973"]
[BlackElo "1709"]
[PlyCount "99"]
[EventDate "2013.07.13"]
[EventType "swiss"]
[EventRounds "9"]
[EventCountry "GEO"]
[SourceTitle "EXT 2014"]
[Source "ChessBase"]
[SourceDate "2013.11.20"]
[SourceVersion "1"]
[SourceVersionDate "2013.11.20"]
[SourceQuality "1"]

1. Nf3 d5 2. d4 Nf6 3. c4 e6 4. g3 Bb4+ 5. Bd2 Bxd2+ 6. Nbxd2 Nbd7 7. Bg2 0-0 8. 0-0 b6 9. Ne5 Bb7 10. Qa4 c5 11. e3 Nxe5 12. dxe5 Ng4 13. Nf3 dxc4 14. Rfd1 Qe8 15. Qc2 Qc6 16. Rd6 Qe4 17. Qc3 Bd5 18. h3 Nh6 19. Rd1 f6 20. exf6 gxf6 21. R6xd5 exd5 22. Nh4 Qe5 23. Bxd5+ Kh8 24. Bxa8 Qxc3 25. bxc3 Rxa8 26. Rd7 Kg8 27. Kf1 Nf7 28. f4 a6 29. Nf5 b5 30. Ke2 b4 31. cxb4 cxb4 32. Rc7 c3 33. Ne7+ Kf8 34. Nd5 a5 35. Nxf6 h6 36. Ne4 Rd8 37. g4 Nd6 38. Nc5 Nb5 39. Ne6+ Ke8 40. Nxd8 Nxc7 41. Nc6 Nd5 42. Nxa5 c2 43. Nb3 Nc3+ 44. Kd2 Nxa2 45. Kxc2 Nc3 46. Nc1 Ne4 47. Nd3 h5 48. Nxb4 Nf2 49. gxh5 Nxh3 50. Kd3 1-0